000 01064cam a22003257a 4500
003 CHAP
005 20220817043640.0
008 000328s1990 mx r 00010 spa d
010 _a80560
011 _a81532
020 _a9687144238
035 _a92004
040 _cCHAP
082 0 4 _a338.9
_bI2
100 0 0 _aIbarra Yunez, Alejandro.
_957198
245 1 4 _aLos bloques comerciales y su impacto en México
_c/por Alejandro Ibarra Yunez
260 _aMéxico, D. F. :
_bInstituto Mexicano de Ejecutivos de Finanazas, A.C.
_c1990.
300 _a122 p.
590 _aBATCH-UPD
_b10
_c20130110
_lUCH01
_h0710
590 _aBATCH-UPD
_b10
_c20130410
_lUCH01
_h0356
590 _aBATCH-UPD
_b10
_c20130914
_lUCH01
_h1014
590 _aCONVERSION
_b10
_c20130109
_lUCH01
_h1345
650 1 4 _aComercio.
_925557
650 1 4 _aIntegración económica internacional.
_959500
650 1 4 _aPolítica económica.
901 _aBK
905 _aLilia Sánchez G.
942 _cLIBRO
949 _a338.9 I2
_bBC
_cLIBRO
_d33724000744686
_eLIBRO
_gI. c/e
_h97098
_i92004
_si
_t$50.00
999 _c80560
_d80560